00527nam a2200205 a 4500001001300000003000900013005001700022008004100039020001200080082001500092100002500107245002400132260003400156300000900190500003500199505001500234650002400249650002300273700002500296nice12345678IN_TiNIC20260116011321.0050524s1963 oxfa grp 000 0 eng  ac25.8400a297.8bPRI aPritchard, E E Evans aSanusi of Cyrenaica aOxfordbClarendon Pressc1963 a240p aincludes index and biblioraphy2 aIll, Index aSanusi of Cyrenaica aIslam-North Africa1 aPritchard, E E Evans